ՀՀ Գիտությունների ազգային ակադեմիայի հիմնարար գիտական գրադարան  =   Fundamental Scientific Library of NAS RA

Цхалтубо : (Record no. 155021)

MARC details
000 -LEADER
fixed length control field 00693nam a2200217 a 4500
001 - CONTROL NUMBER
control field 000407855
003 - CONTROL NUMBER IDENTIFIER
control field AM-YeHGA
005 - DATE AND TIME OF LATEST TRANSACTION
control field 20250617132638.0
008 - FIXED-LENGTH DATA ELEMENTS--GENERAL INFORMATION
fixed length control field 050204s1950 ||| r 000 0 rus d
040 ## - CATALOGING SOURCE
Original cataloging agency AM-YeHGA
041 0# - LANGUAGE CODE
Language code of text/sound track or separate title rus
090 ## - LOCALLY ASSIGNED LC-TYPE CALL NUMBER (OCLC); LOCAL CALL NUMBER (RLIN)
-- 156420
100 1# - MAIN ENTRY--PERSONAL NAME
Personal name Цитланадзе, Г.В.
245 10 - TITLE STATEMENT
Title Цхалтубо :
Remainder of title Науч.-попул. очерк /
Statement of responsibility, etc. Г.В. Цитланадзе ; Отв. ред.: А.Т. Хелидзе.
246 15 - VARYING FORM OF TITLE
Title proper/short title Курорт Цхалтубо
260 ## - PUBLICATION, DISTRIBUTION, ETC.
Place of publication, distribution, etc. Тбилиси :
Name of publisher, distributor, etc. Грузмедгиз,
Date of publication, distribution, etc. 1950.
300 ## - PHYSICAL DESCRIPTION
Extent 72 с.
Other physical details ил.
650 14 - SUBJECT ADDED ENTRY--TOPICAL TERM
Topical term or geographic name entry element Курорты
650 #4 - SUBJECT ADDED ENTRY--TOPICAL TERM
Topical term or geographic name entry element Цхалтубо
700 1# - ADDED ENTRY--PERSONAL NAME
Personal name Хелидзе, А.Т.
Relator term ред.
Relationship edt
Holdings
Withdrawn status Lost status Damaged status Not for loan Collection Home library Current library Date acquired Total checkouts Full call number Barcode Date last seen Price effective from Koha item type Public note
        General Fundamental Scientific Library Fundamental Scientific Library 28/12/2016   615.834(479.22) 120620560 28/12/2016 28/12/2016 Գրքեր / Books Two weeks Loan


ՀՀ ԳԱԱ հիմնարար գիտական գրադարան
ՀՀ,Երևան 0019
Մարշալ Բաղրամյան 24/6
հեռախոս:(374-10) 52-47-50
Հետադարձ կապ

All site content, except where otherwise noted, is licensed under a
Creative Commons License